evermore lyrics - Statistics

General Stats
  • This quiz has been taken 107 times
  • The average score is 281 of 331
Answer Stats
Lyrics % Correct
I
100%
me
100%
a
98%
an
98%
And
98%
and
98%
be
98%
evermore
98%
Evermore
98%
(evermore)
98%
for
98%
would
98%
been
96%
in
96%
In
96%
I've
96%
that
96%
we
96%
my
93%
so
93%
the
93%
this
93%
This
93%
when
93%
all
91%
(All
91%
could
91%
couldn't
91%
down
91%
on
91%
pain
91%
since
91%
to
91%
To
91%
(To
91%
was
91%
where
91%
breath
89%
breath,
89%
catching
89%
death
89%
feeling
89%
footsteps
89%
had
89%
it
89%
It
89%
July
89%
light
89%
November,
89%
peculiar,
89%
put
89%
step
89%
bad
87%
but
87%
But
87%
can
87%
(Can
87%
Gray
87%
stepping
87%
stone,
87%
sure,
87%
went
87%
each
85%
is
85%
Is
85%
(Is
85%
Motion
85%
Can't
83%
(Can't
83%
capture
83%
lost
83%
of
83%
window,
83%
wrong
83%
you
83%
You
83%
again
80%
again)
80%
find
80%
fire
80%
go
80%
just
80%
one
80%
open
80%
replay
80%
trying
80%
what
80%
will
80%
cross?
78%
cross?)
78%
does
78%
get
78%
I'm
78%
pause
78%
pause?
78%
pause?)
78%
think
78%
very
78%
address
76%
certain
76%
crossed
76%
double
76%
moment
76%
out
76%
(Out
76%
tape,
76%
there
76%
barefoot
74%
December,
74%
guess
74%
letters
74%
Oh,
74%
remember
74%
used
74%
we'll
74%
winter,
74%
fight
72%
Hey
72%
not
72%
rewind
72%
Sending
72%
things
72%
Writing
72%
days
70%
days)
70%
line
70%
or
70%
(Or
70%
signals
70%
staring
70%
weather
70%
cost
67%
cost)
67%
unmoored
67%
wildest
67%
wouldn't
67%
violence
65%
were
65%
dreamed
63%
frost
63%
frost)
63%
thought
63%
tall
61%
Whether
61%
(Whether
61%
being
59%
dog
59%
shipwrecked
57%
tossed
57%
tossed)
57%
waves,
57%
waves
57%
cracks
54%
through
54%
cabin
52%
creaking
52%
under
52%
enough
48%
now)
46%
real
43%
Floors
41%
swear
37%
costs)
28%
(If
20%
No matching quizzes found
Score Distribution
Percent of People with Each Score
Percentile by Number Answered
Your Score History
You have not taken this quiz